Neruda en Valparaíso
Guardat en:
| Autor principal: | |
|---|---|
| Format: | Llibre |
| Idioma: | espanyol |
| Publicat: |
Valparaíso
Universitarias de Valparaíso
1983
|
| Matèries: | |
| Etiquetes: |
Afegir etiqueta
Sense etiquetes, Sigues el primer a etiquetar aquest registre!
|
MARC
| LEADER | 00000nam a2200000 a 4500 | ||
|---|---|---|---|
| 001 | UCZ0099 | ||
| 003 | CL-VaPUC | ||
| 005 | 20240924105138.0 | ||
| 008 | 950724e19830000CL |||||||||||||||||spa|d | ||
| 999 | |c 237071 |d 237069 | ||
| 040 | |c Pontificia Universidad Católica de Valparaíso | ||
| 082 | 0 | 4 | |a Ch863 VIA 1983 |2 21 |
| 100 | 0 | |a Vial de los Heros, Sara |e author |9 342711 | |
| 245 | 1 | 0 | |a Neruda en Valparaíso |
| 260 | |a Valparaíso |b Universitarias de Valparaíso |c 1983 | ||
| 300 | |a 276 páginas | ||
| 583 | |a last modification |c 19950724 00:00:00 |k Rodrigo Vera | ||
| 600 | 0 | |a Neruda, Pablo, |d 1904-1973 |e autor |9 471955 | |
| 650 | 0 | |a Prosas chilenas |9 316104 | |
| 650 | 0 | |a Literatura chilena |9 308278 | |
| 651 | 7 | |a CHILE |2 CL-VaPUC |9 342712 | |
| 651 | 0 | |a Valparaíso, Chile |9 261144 | |
| 942 | |c BK |2 ddc | ||
| 945 | |d 19950724 00:00:00 |a cmena | ||
| 952 | |0 0 |1 0 |4 0 |6 CH_863_000000000000000_VIA_1983 |7 0 |8 A |9 245801 |a BIBEDU |b BIBEDU |d 2019-11-18 |i 1450638 |l 3 |m 3 |o Ch863 VIA 1983 |p 1450638 |q 2023-09-29 |r 2020-10-07 |s 2020-10-07 |w 2019-11-18 |y BK |k LIT | ||
| 952 | |0 0 |1 0 |2 ddc |4 0 |6 CH_863_000000000000000_VIA_1983 |7 0 |8 A |9 500191 |a BIBGIM |b BIBGIM |d 2020-01-23 |i 5614805 |o Ch863 VIA 1983 |p 5614805 |r 2025-01-15 |t 3 |w 2020-01-23 |y BK |k GIM | ||